00353nam a2200133Ia 4500008004100000020001500041041001200056082002400068100002100092245003800113260002700151300001300178650002800191231217s9999 xx 000 0 und d a8178810964 aEnglish a353.13274 GUP;1 R aGupta, Vivek ed. 0aE-Government : the new revolution c2002bIcfaiaHyderabad axii, 194 aE-Government,revolution